000 00432pab a2200181 454500
008 180718b2001 xxu||||| |||| 00| 0 eng d
100 _aNarayanan, M.K.
245 _aTerrorism in the age of internet
260 _c2001
300 _ap.12
362 _a8 Jan
650 _aInformation technology
650 _aViolence - India
650 _aTerrorism - India
650 _aTerrorism
773 _aAsian Age
909 _a48720
999 _c48720
_d48720